000 00461nam a2200205Ia 4500
001 12400
003 GE_BSU
008 181216s||||||||xx |||||||||||||| ||und||
020 _a9780006513391
040 _cGE_BSU
080 _a821.111-312.4
100 _aMcbain,Scott.
245 4 _aThe Mastership Game.
260 _aLondon.
260 _bHarper Collins Publishers.
260 _c2000
300 _a530p.
653 _aThe Mastership Game.
942 _cBK
999 _c45574
_d45574